00472 2200157 4500001002100000005001500021035002000036245007000056100003800126300001700164700003800181260004700219082000800266084001400274990002600288INLIS00000000000030220251023023828 a0010-10250001201 adunia kesenangan yang menipu /cAbdul malik bin muhammad al qosim0 aAbdul malik bin muhammad al qosim a188 ;c19 cm0 aAbdul malik bin muhammad al qosim aSolo :bDarul qosim lilnasyr-riyadh,c2004 a2x6 a2x6 ABD d a2017/SMKMIRI/1573/001